02905nam a2200361 a 4500001001200000003000800012006001900020007001500039008004100054010001700095020002900112020002700141040002100168035002100189050002600210082001800236245014600254260004500400300002300445504005100468520144900519533015201968650004702120650002602167650005202193650006102245655002902306700002202335700002602357710001702383856012602400999001702526ebr10630517CaPaEBRm u cr cn|||||||||120104s2012 njuad sb 001 0 eng d z 2011049103 z9780813806495 (hardback) z9781118243343 (e-book) aCaPaEBRcCaPaEBR a(OCoLC)79805590214aTP371.46b.D46 2012eb04a664/.028622300aDense phase carbon dioxideh[electronic resource] :bfood and pharmaceutical applications /cedited by Murat O. Balaban, Giovanna Ferrentino. aHoboken, N.J. :bWiley-Blackwell,c2012. axv, 316 p. :bill. aIncludes bibliographical references and index. a"Dense phase carbon dioxide (DPCD) is a non-thermal processing technology, mainly used for pasteurization of liquid foods. It has advantages compared to thermal pasteurization in its potential to preserve the sensory quality and nutrient content of the foods. It also has potential advantages over other non-thermal processes since it is a continuous process, and both the capital costs and operating costs are lower than some other non-thermal processes. The theory, microbial, enzymatic, quality, and process related issues have been researched. However, there is no compilation of all of this accumulated knowledge and know-how in a single volume. Dense Phase Carbon Dioxide: Applications for Food brings into one volume the diverse aspects and the accumulated knowledge regarding DPCD. International experts in the Dense Phase Carbon Dioxide applications to foods have contributed in their areas of expertise to create synergy that clarifies concepts and reveals potential application areas and future direction of research. Positioned as an industry reference book, Dense Phase Carbon Dioxide: Applications for Food will appeal to food scientists, food technologists, food engineers, food safety, quality and production managers; government officials, researchers and regulators; extension specialists; equipment and packaging suppliers; and particularly professionals in the juice, dairy and beverage industries"--cProvided by publisher. aElectronic reproduction.bPalo Alto, Calif. :cebrary,d2011.nAvailable via World Wide Web.nAccess may be limited to ebrary affiliated libraries. 0aDense phase carbon dioxide pasteurization. 0aFoodxPasteurization. 0aLiquid carbon dioxidexIndustrial applications. 0aDense nonaqueous phase liquidsxIndustrial applications. 7aElectronic books.2local1 aBalaban, Murat O.1 aFerrentino, Giovanna.2 aebrary, Inc.40uhttp://site.ebrary.com/lib/rucke/Doc?id=10630517zAn electronic book accessible through the World Wide Web; click to view c71479d71479